SR vykazuje aktívnu bilanciu s každým členom CEFTA
Pozitívna tendencia zahraničnoobchodného obratu s krajinami CEFTA. Pripravované rozšírenie CEFTA. Vzájomný obchod medzi SR a jednotlivými krajinami CEFTA. Rastie vývoz slovenských agrárnych výrobkov do Poľska. Vzájomný obchod štátov CEFTA.
Saved in:
| Main Author: | |
|---|---|
| Format: | Book Chapter |
| Language: | Slovak |
| Subjects: | |
| Tags: |
No Tags, Be the first to tag this record!
|
MARC
| LEADER | 00000naa a2200000 4500 | ||
|---|---|---|---|
| 001 | r018338 | ||
| 005 | 20221205103121.6 | ||
| 041 | 0 | |a slo | |
| 044 | |a SK | ||
| 245 | 1 | 0 | |a SR vykazuje aktívnu bilanciu s každým členom CEFTA |c P. Švec |
| 520 | |a Pozitívna tendencia zahraničnoobchodného obratu s krajinami CEFTA. Pripravované rozšírenie CEFTA. Vzájomný obchod medzi SR a jednotlivými krajinami CEFTA. Rastie vývoz slovenských agrárnych výrobkov do Poľska. Vzájomný obchod štátov CEFTA. | ||
| 610 | 2 | 0 | |a Slovensko |
| 610 | 2 | 0 | |a Česko |
| 610 | 2 | 0 | |a Poľsko |
| 610 | 2 | 0 | |a Maďarsko |
| 610 | 2 | 0 | |a CEFTA |
| 610 | 2 | 0 | |a obchod zahraničný |
| 610 | 2 | 0 | |a saldo |
| 610 | 2 | 0 | |a bilancia obchodná |
| 610 | 2 | 0 | |a vývoz |
| 610 | 2 | 0 | |a dovoz |
| 610 | 2 | 0 | |a údaje štatistické |
| 610 | 2 | 0 | |a 1993-1995 |
| 610 | 2 | 0 | |a 1995 |
| 610 | 2 | 0 | |a január-jún |
| 100 | 1 | |a Švec, P. | |